[Event "IECG TE.2006.P.02315 email"]
[Site "IECG email"]
[Date "2006.12.20"]
[Round "?"]
[White "Niewold, Jaap"]
[Black "Capoccia, Angelo Antonio"]
[Result "1-0"]
[WhiteElo "1681"]
[BlackElo "1988"]
[PlyCount "47"]
[EventDate "2006.12.20"]
[EventType "tourn (corr)"]
[EventRounds "12"]
[SourceTitle "Corr 2024"]
[Source "ChessBase"]
[SourceDate "2023.10.19"]
[SourceVersion "1"]
[SourceVersionDate "2023.10.19"]
[SourceQuality "1"]

1. e4 c5 2. c3 Nf6 3. e5 Nd5 4. Nf3 Nc6 5. Na3 g6 6. g3 Bg7 7. Bg2 Nc7 8. Qe2 0-0 9. 0-0 d6 10. d4 cxd4 11. cxd4 Bg4 12. Qe3 d5 13. Bd2 Qd7 14. Nc2 Bh3 15. Bxh3 Qxh3 16. Nb4 Nxb4 17. Bxb4 Rfe8 18. Rac1 Rac8 19. Rc2 Na6 20. Rxc8 Qxc8 21. Rc1 Qe6 22. Ba3 h6 23. Kg2 Qb6 24. Qd2 1-0

[Event "IECC TH-M-2659"]
[Site "IECC email"]
[Date "2006.10.05"]
[Round "?"]
[White "Fenwick, Hugh"]
[Black "Capoccia, Angelo Antonio"]
[Result "0-1"]
[WhiteElo "1560"]
[BlackElo "1860"]
[PlyCount "116"]
[EventDate "2006.??.??"]
[EventType "tourn (corr)"]
[SourceTitle "Corr 2020"]
[Source "ChessBase"]
[SourceDate "2019.09.30"]
[SourceVersion "1"]
[SourceVersionDate "2019.09.30"]
[SourceQuality "1"]
[WhiteTeam "England"]
[BlackTeam "Italy"]
[WhiteTeamCountry "ENG"]
[BlackTeamCountry "ITA"]

1. e4 e5 2. Nf3 Nf6 3. Nxe5 d6 4. Nf3 Nxe4 5. d4 d5 6. Bd3 Nc6 7. 0-0 Bg4 8. c3 Qd7 9. Nbd2 f5 10. Qb3 0-0-0 11. Bb5 Nxd2 12. Nxd2 g5 13. Qc2 f4 14. b4 f3 15. Nxf3 Bxf3 16. gxf3 Bd6 17. Kg2 Rdf8 18. Rg1 g4 19. f4 Bxf4 20. Be2 h5 21. a4 Bxh2 22. Kxh2 Rxf2+ 23. Rg2 g3+ 24. Kxg3 Rxg2+ 25. Kxg2 Rg8+ 26. Kh2 Qd6+ 27. Kh1 Qf6 28. Bg5 Qxg5 29. Bf3 Ne7 30. Bg2 Qh4+ 31. Kg1 Qg3 32. Rf1 h4 33. Kh1 Kb8 34. Rf3 Qg5 35. Qf2 Nc8 36. Bh3 Qh6 37. Bxc8 Rxc8 38. Qe3 Qc6 39. a5 a6 40. Qf2 Re8 41. Re3 Rxe3 42. Qxe3 Qg6 43. Qh3 Qe4+ 44. Kh2 Qf4+ 45. Kg1 Ka7 46. Kg2 b6 47. axb6+ Kxb6 48. Qe6+ c6 49. Qc8 Qg3+ 50. Kf1 h3 51. Qd8+ Kb5 52. Qa5+ Kc4 53. Qa2+ Kd3 54. Qxa6+ Ke4 55. Qe2+ Qe3 56. Qb2 Qf3+ 57. Kg1 Qg4+ 58. Kh2 Kf3 0-1

[Event "IECG CP.2006.P.00026 email"]
[Site "IECG email"]
[Date "2006.10.01"]
[Round "?"]
[White "Capoccia, Angelo Antonio"]
[Black "Goti, Javier"]
[Result "0-1"]
[WhiteElo "1986"]
[BlackElo "800"]
[PlyCount "35"]
[EventDate "2006.10.01"]
[EventType "tourn (corr)"]
[EventRounds "6"]
[SourceTitle "Corr 2011"]
[Source "ChessBase"]
[SourceDate "2010.08.31"]
[SourceVersion "1"]
[SourceVersionDate "2010.08.31"]
[SourceQuality "1"]

1. e4 Nc6 2. f4 e6 3. d4 d5 4. e5 Be7 5. Nf3 Nh6 6. c3 0-0 7. Bd3 Bd7 8. Be3 Nf5 9. Bf2 a6 10. Nbd2 Na5 11. 0-0 b5 12. Kh1 h6 13. g4 Nh4 14. Bxh4 Bxh4 15. g5 hxg5 16. Nxh4 gxh4 17. Qh5 g6 18. Bxg6 0-1

[Event "IECC Swiss-508.2"]
[Site "IECC email"]
[Date "2006.07.24"]
[Round "?"]
[White "Capoccia, Angelo Antonio"]
[Black "Wozniak, Zbigniew"]
[Result "0-1"]
[WhiteElo "1914"]
[BlackElo "1851"]
[PlyCount "90"]
[EventDate "2006.??.??"]
[EventType "swiss (corr)"]
[EventRounds "1"]
[SourceTitle "Corr 2008"]
[Source "ChessBase"]
[SourceDate "2008.06.24"]
[SourceVersion "1"]
[SourceVersionDate "2008.06.24"]
[SourceQuality "1"]

1. e4 c5 2. c3 Nf6 3. e5 Nd5 4. d4 cxd4 5. Nf3 e6 6. Bc4 Nb6 7. Bb3 d6 8. cxd4 dxe5 9. Nxe5 Nc6 10. Nxc6 bxc6 11. 0-0 Be7 12. Nc3 0-0 13. Be3 Bb7 14. Qg4 Kh8 15. Bc2 Nd5 16. Qh3 f5 17. Rfe1 Bc8 18. Ne2 Qb6 19. b3 Ba6 20. Nf4 Nxf4 21. Bxf4 Qxd4 22. Qe3 Qxe3 23. Rxe3 Bc8 24. Rd1 Kg8 25. Be5 Rd8 26. g4 Kf7 27. Rxd8 Bxd8 28. Rc3 fxg4 29. Bxh7 Bf6 30. Bxf6 gxf6 31. Rxc6 f5 32. Rc7+ Kf6 33. h3 gxh3 34. Kh2 Rb8 35. Kxh3 Bb7 36. Kg3 a5 37. f3 Bd5 38. Rc5 a4 39. bxa4 Rb7 40. Bxf5 Kxf5 41. a5 Rb2 42. Rc7 Rxa2 43. Rf7+ Kg6 44. Rf8 Rxa5 45. Kf4 Bxf3 0-1

[Event "IECC TH-M-2622"]
[Site "IECC email"]
[Date "2006.05.03"]
[Round "?"]
[White "Delaire, Eric"]
[Black "Capoccia, Angelo Antonio"]
[Result "0-1"]
[WhiteElo "1988"]
[BlackElo "1889"]
[PlyCount "48"]
[EventDate "2006.??.??"]
[EventType "tourn (corr)"]
[SourceTitle "Corr 2020"]
[Source "ChessBase"]
[SourceDate "2019.09.30"]
[SourceVersion "1"]
[SourceVersionDate "2019.09.30"]
[SourceQuality "1"]
[WhiteTeam "France"]
[BlackTeam "Italy"]
[WhiteTeamCountry "FRA"]
[BlackTeamCountry "ITA"]

1. e4 c5 2. Nf3 Nc6 3. d4 cxd4 4. Nxd4 Nf6 5. Nc3 e5 6. Ndb5 d6 7. Bg5 a6 8. Na3 b5 9. Nd5 Qa5+ 10. Bd2 Qd8 11. c4 Nxe4 12. cxb5 Be6 13. Bc4 Ne7 14. 0-0 Bxd5 15. Bxd5 Nxd5 16. Ba5 Ndc3 17. Bxc3 Nxc3 18. bxc3 d5 19. Qb3 Bxa3 20. Qxa3 axb5 21. Qc5 Rc8 22. Qxb5+ Qd7 23. c4 Qxb5 24. a4 Qxc4 0-1

[Event "P-4128"]
[Site "IECC email"]
[Date "2006.04.20"]
[Round "?"]
[White "Broyles, Jack"]
[Black "Capoccia, Angelo Antonio"]
[Result "1/2-1/2"]
[WhiteElo "1772"]
[BlackElo "1860"]
[PlyCount "143"]
[EventDate "2006.??.??"]
[EventType "tourn (corr)"]
[SourceTitle "Corr 2020"]
[Source "ChessBase"]
[SourceDate "2019.09.30"]
[SourceVersion "1"]
[SourceVersionDate "2019.09.30"]
[SourceQuality "1"]
[WhiteTeam "England"]
[BlackTeam "Italy"]
[WhiteTeamCountry "ENG"]
[BlackTeamCountry "ITA"]

1. e4 c5 2. Nf3 Nc6 3. d4 cxd4 4. Nxd4 Nf6 5. Nc3 e5 6. Ndb5 d6 7. Bg5 a6 8. Na3 b5 9. Bxf6 gxf6 10. Nd5 Bg7 11. Bd3 Ne7 12. Nxe7 Qxe7 13. 0-0 0-0 14. c4 f5 15. cxb5 d5 16. f3 Rb8 17. Qc2 fxe4 18. fxe4 f5 19. Qb3 Kh8 20. Qxd5 Bb7 21. Qb3 fxe4 22. Be2 axb5 23. Qxb5 Bf6 24. Nc4 e3 25. Qa5 Qg7 26. Nxe3 Bg5 27. Rxf8+ Rxf8 28. Nd5 Bh4 29. Kh1 Rf2 30. Bf1 Rxb2 31. Ne3 Bf6 32. a4 h5 33. Rd1 Qf7 34. Qc3 Rb3 35. Qd2 Qg6 36. a5 Be4 37. Nd5 Bg5 38. Qe2 h4 39. Qc4 Rb8 40. Nc3 Bc6 41. Qg4 Rg8 42. Nd5 Qh6 43. Qf5 Qg7 44. Bc4 Bh6 45. Rg1 Rf8 46. Qe6 Bd7 47. Qb6 Bf5 48. Nc7 Qf6 49. Re1 Bd2 50. Rf1 h3 51. Bd5 Bc3 52. Ne8 hxg2+ 53. Bxg2 Qxb6 54. axb6 e4 55. b7 Be5 56. Bh3 Rxe8 57. Rxf5 Bd6 58. Rd5 Bf4 59. Bg4 Kg7 60. h4 Bb8 61. Kg2 Rh8 62. h5 Kh6 63. Rb5 Rd8 64. Kf2 Rg8 65. Rb6+ Kg5 66. Kg2 Rg7 67. Kh3 Re7 68. Be2 Rc7 69. Kg2 Kf4 70. Kf2 Rd7 71. Rb4 Rc7 72. Bd3 1/2-1/2

[Event "IECC TH-M-2608"]
[Site "IECC email"]
[Date "2006.03.24"]
[Round "?"]
[White "Capoccia, Angelo Antonio"]
[Black "Endean, Andrew"]
[Result "1-0"]
[WhiteElo "1903"]
[BlackElo "1787"]
[PlyCount "69"]
[EventDate "2006.??.??"]
[EventType "tourn (corr)"]
[SourceTitle "Corr 2020"]
[Source "ChessBase"]
[SourceDate "2019.09.30"]
[SourceVersion "1"]
[SourceVersionDate "2019.09.30"]
[SourceQuality "1"]
[WhiteTeam "Italy"]
[BlackTeam "England"]
[WhiteTeamCountry "ITA"]
[BlackTeamCountry "ENG"]

1. d4 Nf6 2. c4 e6 3. Nc3 Bb4 4. e3 0-0 5. Nf3 c5 6. Bd3 d5 7. 0-0 Nc6 8. a3 Bxc3 9. bxc3 dxc4 10. Bxc4 Qc7 11. Ba2 e5 12. h3 b6 13. d5 e4 14. dxc6 exf3 15. Qxf3 Be6 16. c4 Qe5 17. Rb1 Qe4 18. Qg3 Qxc6 19. Bb2 Bf5 20. Rbd1 Rfd8 21. f3 Ne8 22. Rd5 Bg6 23. Rfd1 Rxd5 24. cxd5 Qb5 25. Qe5 Rd8 26. e4 Qe2 27. Rc1 Qb5 28. h4 Qd7 29. h5 f6 30. Qh2 Bf7 31. h6 g6 32. Qf4 Qe7 33. Qd2 Qd6 34. Re1 b5 35. e5 1-0

[Event "IECG CB.2006.0.00152 email"]
[Site "IECG email"]
[Date "2006.03.05"]
[Round "1"]
[White "Horton, Justin"]
[Black "Capoccia, Angelo Antonio"]
[Result "0-1"]
[WhiteElo "1831"]
[BlackElo "1975"]
[PlyCount "56"]
[EventDate "2006.03.05"]
[EventType "tourn (corr)"]
[EventRounds "6"]
[SourceTitle "Corr 2008"]
[Source "ChessBase"]
[SourceDate "2008.06.24"]
[SourceVersion "1"]
[SourceVersionDate "2008.06.24"]
[SourceQuality "1"]

1. Nf3 c5 2. c4 Nf6 3. Nc3 d5 4. cxd5 Nxd5 5. d4 Nxc3 6. bxc3 g6 7. Bg5 Bg7 8. Qd2 Qa5 9. Rc1 Bg4 10. Ne5 Bf5 11. Nc4 Qa6 12. e4 Bxe4 13. Qe3 Qe6 14. Ne5 Bd5 15. Bb5+ Nc6 16. 0-0 0-0 17. Nxc6 bxc6 18. Qxe6 fxe6 19. Ba4 cxd4 20. cxd4 Bxd4 21. Bxc6 Rac8 22. Bxd5 exd5 23. Rxc8 Rxc8 24. Bxe7 Rc2 25. a3 Kf7 26. Bb4 Kf6 27. g3 Kf5 28. Kg2 Ke4 0-1

[Event "TH-S-0162"]
[Site "IECC email"]
[Date "2006.02.26"]
[Round "?"]
[White "Endean, Andrew"]
[Black "Capoccia, Angelo Antonio"]
[Result "1-0"]
[WhiteElo "1757"]
[BlackElo "1910"]
[PlyCount "73"]
[EventDate "2006.??.??"]
[EventType "tourn (corr)"]
[SourceTitle "Corr 2020"]
[Source "ChessBase"]
[SourceDate "2019.09.30"]
[SourceVersion "1"]
[SourceVersionDate "2019.09.30"]
[SourceQuality "1"]
[WhiteTeam "England"]
[BlackTeam "Italy"]
[WhiteTeamCountry "ENG"]
[BlackTeamCountry "ITA"]

1. d4 d5 2. c4 c6 3. Nf3 Nf6 4. Nc3 e6 5. Bg5 dxc4 6. e4 b5 7. e5 h6 8. Bh4 g5 9. Nxg5 hxg5 10. Bxg5 Nbd7 11. exf6 Bb7 12. g3 Qb6 13. Bg2 0-0-0 14. 0-0 c5 15. d5 b4 16. Rb1 Qa6 17. dxe6 Bxg2 18. e7 Ba8 19. exd8Q+ Kxd8 20. Ne2 Kc8 21. Qc2 Qe6 22. f3 Bd6 23. Rbd1 Bc6 24. Rf2 Ne5 25. Nf4 Qd7 26. Nd5 Kb7 27. Rff1 Qe6 28. Qe4 Bb8 29. f4 Rd8 30. fxe5 Bxd5 31. Qe3 Bc7 32. Rfe1 Bb6 33. Qf2 Re8 34. h4 Qc6 35. Rxd5 Qxd5 36. Qg2 Kc6 37. e6 1-0

[Event "SEMI A055 email"]
[Site "SEMI email"]
[Date "2005.09.12"]
[Round "?"]
[White "Capoccia, Angelo Antonio"]
[Black "Alvarez Camino, Joaquin"]
[Result "1/2-1/2"]
[WhiteElo "2280"]
[BlackElo "1910"]
[PlyCount "109"]
[EventDate "2005.09.12"]
[EventType "tourn (corr)"]
[EventRounds "6"]
[EventCountry "ITA"]
[SourceTitle "Corr 2008"]
[Source "ChessBase"]
[SourceDate "2008.06.24"]
[SourceVersion "1"]
[SourceVersionDate "2008.06.24"]
[SourceQuality "1"]

1. e4 c5 2. Nc3 Nc6 3. g3 g6 4. Bg2 Bg7 5. d3 d6 6. f4 e6 7. Nf3 Nge7 8. 0-0 0-0 9. Be3 Rb8 10. Qd2 Nb4 11. e5 Nf5 12. Bf2 b6 13. g4 Nh6 14. Bh4 Qd7 15. h3 Kh8 16. Ne4 d5 17. Nf6 Qc7 18. f5 exf5 19. c3 fxg4 20. hxg4 Nc6 21. Nxd5 Qb7 22. Nf6 Qc7 23. Qf4 Nd8 24. Bg5 Ng8 25. Nxh7 Kxh7 26. Qh2+ Nh6 27. Bxh6 Bxh6 28. g5 Rh8 29. gxh6 Ne6 30. Nd2 Ba6 31. Ne4 Rhd8 32. Nf6+ Kh8 33. Nd5 Qd7 34. Qh4 Bb7 35. Qf6+ Kh7 36. Ne7 Rf8 37. Qxf7+ Rxf7 38. Rxf7+ Ng7 39. Raf1 Re8 40. Rxg7+ Kxh6 41. Rxg6+ Kh5 42. Rf5+ Qxf5 43. Rh6+ Kxh6 44. Nxf5+ Kg5 45. Nd6 Bxg2 46. Nxe8 Bd5 47. a3 Kf5 48. d4 cxd4 49. cxd4 Ke4 50. Nc7 Kxd4 51. Nb5+ Kxe5 52. Nxa7 Kd4 53. Nc8 b5 54. Kf2 Kc4 55. Nd6+ 1/2-1/2

[Event "SEMI Najdorf English Att1 theme email"]
[Site "SEMI email"]
[Date "2001.11.05"]
[Round "?"]
[White "Malmstroem, Jan"]
[Black "Capoccia, Angelo Antonio"]
[Result "1-0"]
[WhiteElo "2200"]
[BlackElo "2280"]
[PlyCount "57"]
[EventDate "2001.11.05"]
[EventType "tourn (corr)"]
[EventRounds "8"]
[EventCountry "ITA"]
[SourceTitle "Corr 2008"]
[Source "ChessBase"]
[SourceDate "2008.06.24"]
[SourceVersion "1"]
[SourceVersionDate "2008.06.24"]
[SourceQuality "1"]

1. e4 c5 2. Nf3 d6 3. d4 cxd4 4. Nxd4 Nf6 5. Nc3 a6 6. Be3 e6 7. f3 b5 8. g4 h6 9. a3 Bb7 10. Qd2 Nbd7 11. Be2 Nb6 12. 0-0-0 Nfd7 13. h4 Ne5 14. g5 Nbc4 15. Bxc4 Nxc4 16. Qd3 Rc8 17. g6 Qb6 18. Bd2 Be7 19. Nce2 Bf6 20. f4 a5 21. b4 axb4 22. Bxb4 0-0 23. Rhg1 Bxh4 24. Kb1 Bf6 25. gxf7+ Rxf7 26. Rg6 Ra8 27. Rg3 d5 28. exd5 Bxd5 29. Kc1 1-0

[Event "SEMI Najdorf English Att1 theme email"]
[Site "SEMI email"]
[Date "2001.11.05"]
[Round "?"]
[White "Sakai, Kiyotaka"]
[Black "Capoccia, Angelo Antonio"]
[Result "1-0"]
[WhiteElo "2200"]
[BlackElo "2280"]
[PlyCount "117"]
[EventDate "2001.11.05"]
[EventType "tourn (corr)"]
[EventRounds "8"]
[EventCountry "ITA"]
[SourceTitle "Corr 2008"]
[Source "ChessBase"]
[SourceDate "2008.06.24"]
[SourceVersion "1"]
[SourceVersionDate "2008.06.24"]
[SourceQuality "1"]

1. e4 c5 2. Nf3 d6 3. d4 cxd4 4. Nxd4 Nf6 5. Nc3 a6 6. Be3 e6 7. f3 b5 8. g4 h6 9. Qd2 Bb7 10. 0-0-0 Nbd7 11. h4 Ne5 12. Rg1 Rc8 13. g5 Nfd7 14. g6 Nxg6 15. Nxe6 fxe6 16. Rxg6 Kf7 17. Rg4 Ne5 18. Rf4+ Ke8 19. Bd4 g5 20. hxg5 hxg5 21. Bxe5 dxe5 22. Qg2 Qxd1+ 23. Nxd1 gxf4 24. Qg5 Rh2 25. Bd3 Rc5 26. b4 Rc6 27. a3 Bd6 28. Qg1 Rh3 29. Qg8+ Kd7 30. Qf7+ Be7 31. Nf2 Rxf3 32. Ng4 Kd6 33. Nxe5 Kxe5 34. Qh5+ Kd6 35. Qxf3 e5 36. Qh5 Rc8 37. Qg6+ Kc7 38. Qf7 Kd6 39. c4 Rf8 40. Qg6+ Rf6 41. Qe8 Rf8 42. c5+ Ke6 43. Qg6+ Rf6 44. Qg8+ Kd7 45. Bf1 Rh6 46. Bh3+ Kc7 47. Qg7 Rxh3 48. Qxe7+ Kb8 49. Qxe5+ Ka7 50. Qxf4 Rxa3 51. Qd6 Rh3 52. e5 Rh1+ 53. Kd2 Rh2+ 54. Ke3 Rh3+ 55. Kf4 Rf3+ 56. Kg5 Rg3+ 57. Kf6 Rf3+ 58. Ke7 Rh3 59. Qb6+ 1-0

[Event "SEMI Perenyi Attack theme f corr"]
[Site "SEMI email"]
[Date "2001.??.??"]
[Round "?"]
[White "Baviera, Manlio"]
[Black "Capoccia, Angelo Antonio"]
[Result "1-0"]
[WhiteElo "2157"]
[BlackElo "2256"]
[PlyCount "63"]
[EventDate "2001.02.15"]
[EventType "tourn (corr)"]
[EventRounds "8"]
[EventCountry "ITA"]
[SourceTitle "Corr 2008"]
[Source "ChessBase"]
[SourceDate "2008.06.24"]
[SourceVersion "1"]
[SourceVersionDate "2008.06.24"]
[SourceQuality "1"]

1. e4 c5 2. Nf3 d6 3. d4 cxd4 4. Nxd4 Nf6 5. Nc3 a6 6. Be3 e6 7. g4 h6 8. Rg1 b5 9. a3 Bb7 10. Bd3 Nbd7 11. Qd2 Rc8 12. f3 Nb6 13. 0-0-0 Nc4 14. Bxc4 Rxc4 15. h4 Nd7 16. g5 hxg5 17. hxg5 g6 18. Rh1 Rxh1 19. Rxh1 Bg7 20. Ndxb5 axb5 21. Nxb5 Kf8 22. Nxd6 Rc7 23. Nb5 Rc4 24. Rd1 Bc8 25. Kb1 Ra4 26. Qd6+ Kg8 27. Na7 Ra6 28. Qc5 Rxa7 29. Qxa7 Qe8 30. Qa4 Qd8 31. Qc6 Be5 32. Rd3 1-0

[Event "SEMI Perenyi Attack theme f corr"]
[Site "SEMI email"]
[Date "2001.??.??"]
[Round "?"]
[White "Vujadinovic, Milan"]
[Black "Capoccia, Angelo Antonio"]
[Result "1/2-1/2"]
[WhiteElo "2223"]
[BlackElo "2256"]
[PlyCount "77"]
[EventDate "2001.02.15"]
[EventType "tourn (corr)"]
[EventRounds "8"]
[EventCountry "ITA"]
[SourceTitle "Corr 2008"]
[Source "ChessBase"]
[SourceDate "2008.06.24"]
[SourceVersion "1"]
[SourceVersionDate "2008.06.24"]
[SourceQuality "1"]

1. e4 c5 2. Nf3 d6 3. d4 cxd4 4. Nxd4 Nf6 5. Nc3 a6 6. Be3 e6 7. g4 h6 8. f4 Nc6 9. h3 Qc7 10. Qe2 b5 11. Nxc6 Qxc6 12. Bg2 Bb7 13. Bd4 Be7 14. a3 Rc8 15. 0-0-0 Qc4 16. Qd2 b4 17. axb4 Qxb4 18. Kb1 a5 19. h4 Nxg4 20. Bxg7 Rg8 21. Bd4 e5 22. fxe5 dxe5 23. Ba7 Rxc3 24. Qxc3 Qxc3 25. bxc3 Nf2 26. Bxf2 Rxg2 27. Rd2 Bxe4 28. Rhd1 a4 29. Be3 Rg6 30. h5 Rc6 31. Rf1 f5 32. Re2 Re6 33. Rg1 Kf7 34. Rf1 Bf8 35. Bxh6 Rb6+ 36. Ka1 Rxh6 37. Rxe4 Kf6 38. Rxa4 Rxh5 39. Kb2 1/2-1/2

[Event "SEMI Poker theme C10.01 email"]
[Site "SEMI email"]
[Date "2000.11.30"]
[Round "?"]
[White "Owens, Johnny"]
[Black "Capoccia, Angelo Antonio"]
[Result "0-1"]
[WhiteElo "2217"]
[BlackElo "2210"]
[PlyCount "38"]
[EventDate "2000.11.30"]
[EventType "tourn (corr)"]
[EventRounds "4"]
[EventCountry "ITA"]
[SourceTitle "Corr 2008"]
[Source "ChessBase"]
[SourceDate "2008.06.24"]
[SourceVersion "1"]
[SourceVersionDate "2008.06.24"]
[SourceQuality "1"]

1. e4 e6 2. d4 d5 3. Nc3 dxe4 4. Nxe4 Bd7 5. Nf3 Bc6 6. Bd3 Nf6 7. Nxf6+ gxf6 8. Bf4 Nd7 9. Qe2 Nb6 10. 0-0-0 Qd7 11. Kb1 0-0-0 12. h3 Nd5 13. Bd2 Bd6 14. g3 b6 15. Bh6 Bb7 16. Bb5 Qe7 17. c4 Nb4 18. Rhe1 Kb8 19. a3 c6 0-1

[Event "IECC TH-T email"]
[Site "IECC email"]
[Date "2000.08.11"]
[Round "?"]
[White "Capoccia, Angelo Antonio"]
[Black "Marcotulli, Giancarlo"]
[Result "1-0"]
[WhiteElo "1947"]
[BlackElo "2035"]
[PlyCount "79"]
[EventDate "2000.??.??"]
[EventType "match (corr)"]
[EventRounds "2"]
[SourceTitle "Corr 2008"]
[Source "ChessBase"]
[SourceDate "2008.06.24"]
[SourceVersion "1"]
[SourceVersionDate "2008.06.24"]
[SourceQuality "1"]

1. e4 e6 2. d4 d5 3. Nc3 Nf6 4. Bg5 Bb4 5. e5 h6 6. Bd2 Bxc3 7. bxc3 Ne4 8. Qg4 g6 9. Bd3 Nxd2 10. Kxd2 c5 11. h4 Nc6 12. Nf3 Qa5 13. Qf4 cxd4 14. Nxd4 Nxd4 15. Qxd4 Bd7 16. Rhb1 Bc6 17. Rb4 Qc7 18. a4 Rg8 19. a5 g5 20. g3 gxh4 21. gxh4 Rg2 22. Qe3 a6 23. Bf1 Rg8 24. Kc1 Rc8 25. Kb2 Rg1 26. f4 Rg4 27. h5 Rh4 28. Be2 Bb5 29. Bxb5+ axb5 30. Ra3 Qc6 31. Rab3 Rxh5 32. Rxb5 Qa6 33. f5 d4 34. Qxd4 Rxf5 35. Rxb7 Kf8 36. Rb8 Rxb8 37. Rxb8+ Kg7 38. Qd8 Kg6 39. Qg8+ Kh5 40. Rb4 1-0

[Event "IECC TH-T email"]
[Site "IECC email"]
[Date "2000.08.11"]
[Round "?"]
[White "Marcotulli, Giancarlo"]
[Black "Capoccia, Angelo Antonio"]
[Result "1/2-1/2"]
[WhiteElo "2016"]
[BlackElo "1966"]
[PlyCount "76"]
[EventDate "2000.??.??"]
[EventType "match (corr)"]
[EventRounds "2"]
[SourceTitle "Corr 2008"]
[Source "ChessBase"]
[SourceDate "2008.06.24"]
[SourceVersion "1"]
[SourceVersionDate "2008.06.24"]
[SourceQuality "1"]

1. e4 e6 2. d4 d5 3. Nc3 Nf6 4. Bg5 Bb4 5. e5 h6 6. Bd2 Bxc3 7. bxc3 Ne4 8. Qg4 g6 9. Be3 Nxc3 10. Bd3 Qe7 11. Bd2 Na4 12. Rb1 c5 13. Nf3 Nc6 14. Bb5 Nb6 15. 0-0 Bd7 16. dxc5 Qxc5 17. Rfc1 Na5 18. Qf4 Bxb5 19. Bb4 Qc7 20. Bxa5 Ba6 21. Nd2 Rc8 22. Bxb6 axb6 23. Nf3 Bc4 24. a4 Ra8 25. Rb4 Qd7 26. Nd4 Rxa4 27. Qf6 Rxb4 28. Qxh8+ Ke7 29. Qxh6 Ba6 30. Qh4+ Ke8 31. Qh8+ Ke7 32. Rd1 Qd8 33. Qh3 Rc4 34. Qh4+ Kd7 35. Qh6 Qe7 36. Qh7 Ke8 37. Qh8+ Qf8 38. Qh3 Qe7 1/2-1/2

[Event "SEMI King's Indian E99 email"]
[Site "SEMI email"]
[Date "2000.02.20"]
[Round "?"]
[White "Capoccia, Angelo Antonio"]
[Black "Bianchi, Maurizio"]
[Result "1-0"]
[WhiteElo "2050"]
[BlackElo "1832"]
[PlyCount "49"]
[EventDate "2000.02.20"]
[EventType "tourn (corr)"]
[EventRounds "6"]
[EventCountry "ITA"]
[SourceTitle "Corr 2008"]
[Source "ChessBase"]
[SourceDate "2008.06.24"]
[SourceVersion "1"]
[SourceVersionDate "2008.06.24"]
[SourceQuality "1"]

1. d4 Nf6 2. c4 g6 3. Nc3 Bg7 4. e4 d6 5. Nf3 0-0 6. Be2 e5 7. 0-0 Nc6 8. d5 Ne7 9. Ne1 Nd7 10. f3 f5 11. Be3 f4 12. Bf2 g5 13. a4 a5 14. Nd3 Ng6 15. c5 Rf7 16. cxd6 cxd6 17. Rb1 b6 18. b4 h5 19. Nb5 Nf6 20. Nb2 Ne8 21. Nc4 Rb7 22. Qd2 Bf8 23. bxa5 bxa5 24. Rfc1 Bd7 25. Be1 1-0